Фундаментостроение в условиях слабых и мерзлых грунтов: межвузовский тематический сборник трудов

Bibliographische Detailangaben
Körperschaft: Ленинградский инженерно-строительный институт (ЛИСИ)
Weitere Verfasser: Далматов Б. И. (редактор)
Sprache:Russisch
Veröffentlicht: Ленинград, Изд-во ЛИСИ, 1983
Schlagworte:
Format: Buch
KOHA link:https://koha.lib.tpu.ru/cgi-bin/koha/opac-detail.pl?biblionumber=293396

MARC

LEADER 00000nam0a2200000 4500
001 293396
005 20231102000605.0
035 |a (RuTPU)RU\TPU\book\318409 
090 |a 293396 
100 |a 20150429d1983 k y0rusy50 ca 
101 0 |a rus 
102 |a RU 
105 |a a z 001zy 
200 1 |a Фундаментостроение в условиях слабых и мерзлых грунтов  |e межвузовский тематический сборник трудов  |f Ленинградский инженерно-строительный институт (ЛИСИ) ; под ред. Б. И. Далматова 
210 |a Ленинград  |c Изд-во ЛИСИ  |d 1983 
215 |a 165 с.  |c ил. 
320 |a Библиография в конце статей 
606 1 |a Фундаментостроение  |2 stltpush  |3 (RuTPU)RU\TPU\subj\17002  |9 42860 
610 1 |a слабые грунты 
610 1 |a мерзлые грунты 
610 1 |a физические свойства 
610 1 |a механические свойства 
610 1 |a характеристики 
610 1 |a несущая способность 
610 1 |a осадка 
610 1 |a основания 
610 1 |a расчеты 
675 |a 624.151  |v 4 
702 1 |a Далматов  |b Б. И.  |4 340 
712 0 2 |a Ленинградский инженерно-строительный институт (ЛИСИ)  |c (1941-1992)  |2 stltpush  |3 (RuTPU)RU\TPU\col\7808 
801 1 |a RU  |b 63413507  |c 20150429 
801 2 |a RU  |b 63413507  |c 20181012  |g RCR 
942 |c BK